LEADER 01590nam a2200337 i 4500 001 000000121666 003 CaOOAMICUS 005 20251031144744.0 008 040107s1986 it u000 u ita u 013 $a94361 020 $a88-18-21006-8 040 $aSeMil$bita 100 1 $aSchneider, Marius.$0(OLS)http://semarc/name/41767 240 13$aEl origen musical de los Animales-símbolos : en la mitología y la escultura antiguas.$0(OLS)http://semarc/title/179151 245 14$aGli animali simbolici :$be la loro origine musicale nella mitologia e nella scultura antiche /$cMarius Schneider ; traduzione dallo spagnolo di Gaetano Chiappini. 260 $aMilano :$bRusconi,$c1986. 300 $a501 p. :$bill., tabelle, grafici, notazioni musicali ;$c22 cm. 490 0 $aLa musica 500 $aContiene: [4] Appendici 650 4$aMusica e mitologia.$0(OLS)http://semarc/subject/23040 650 4$aAnimali - Simbologia.$0(OLS)http://semarc/subject/22978 700 1 $aChiappini, Gaetano.$0(OLS)http://semarc/name/50582 830 3$aLa musica.$0(OLS)http://semarc/title/9424 850 $aSeMil 852 $aSeMil$W1$xVenegono$y1$m3Q V 18$j76727$B76727$CSeMilBibl$Z2$F78304 $81 941 1 $a4 961 $aOmaggio: Martini Card. Carlo Maria 996 $6020$a88-18-21006-8$9(OLS)http://semarc/number/107212 996 $6245$aGli animali simbolici :$be la loro origine musicale nella mitologia e nella scultura antiche$9(OLS)http://semarc/title/179150 996 $6260$aMilano :$bRusconi$9(OLS)http://semarc/publisher/30258 LEADER 01452nam a2200253 i 4500 001 000000010549 003 CaOOAMICUS 005 20260407144927.0 008 180830s20132018it u000 u ita u 040 $aSeMil$bita 100 1 $aZenger, Erich,$d<1939-2010>.$0(OLS)http://semarc/name/2584 240 10$aPsalmen.$0(OLS)http://semarc/title/13944 245 10$aSalmi :$bpreghiera e poesia /$cErich Zenger. 260 $aBrescia :$bPaideia,$c2013-2018. 300 $a4 v. ;$c22 cm. 650 4$aBibbia. Antico Testamento. Salmi - Commentari, studi, critica, interpretazioni.$0(OLS)http://semarc/subject/289 774 0 $aZenger, Erich, <1939-2010>$tCol mio Dio scavalco muraglie.$dBrescia : Paideia, 2013.$kStudi biblici $z978-88-394-0849-5$g1$w()222722 774 0 $aZenger, Erich, <1939-2010>$tAurora voglio destare.$dBrescia : Paideia, 2013.$kStudi biblici $z978-88-394-0850-1$g2$w()224962 774 0 $aZenger, Erich, <1939-2010>$tTuo volto io cerco.$dBrescia : Paideia, 2016.$kStudi biblici $z978-88-394-0889-1$g3$w()249564 774 0 $aZenger, Erich, <1939-2010>$tDio di vendetta?.$dTorino : Paideia, 2018.$kStudi biblici $z978-88-394-0918-8$g4$w()259034 830 0$aStudi biblici .$0(OLS)http://semarc/title/33 996 $6245$aSalmi :$bpreghiera e poesia$9(OLS)http://semarc/title/13943 996 $6260$aBrescia :$bPaideia$9(OLS)http://semarc/publisher/29614